Statistics for Fire Emblem games

Click here to take the quiz!

General Stats

  • This quiz has been taken 138 times
  • The average score is 13 of 17

Answer Stats

Games% Correct
Fates
92%
Awakening
89%
Shadow Dragon
89%
Binding Blade
88%
Path of Radiance
84%
Radiant Dawn
82%
Sacred Stones
82%
Blazing Blade
79%
Thracia 776
77%
Echoes
72%
Genealogy of the Holy War
70%
Gaiden
69%
Mystery of the Emblem
69%
Heroes
67%
Warriors
65%
New Mystery of the Emblem
60%
Shadow Dragon and the Blade of Light
56%

Score Distribution

Percentile by Number Answered

Percent of People with Each Score

Your Score History

You have not taken this quiz